Les gares TGV/Eurostar depuis Paris-Nord - Statistiques

Statistiques générales
  • Ce quiz a été pris 190 fois
    143 depuis la dernière actualisation
  • Le résultat moyen est 30 sur 40
Statistiques - réponses
Département/Province/Länd Réponse % Correct
1 Province de la capitale Bruxelles-Midi / Brussel-Zuid
96%
7 Province de la capitale Bruxelles-Midi / Brussel-Zuid
96%
8 Province de la capitale Bruxelles-Midi / Brussel-Zuid
96%
1 Nord Lille-Europe
96%
3 Nord Lille-Europe
96%
5 Nord Lille-Europe
96%
6 Nord Lille-Europe
96%
7 Nord Lille-Europe
96%
8 Nord Lille-Europe
96%
4 Pas-de-Calais Arras
91%
4B Pas-de-Calais Arras
91%
7 Hollande septentrionale Amsterdam-Centraal
90%
2 Nord Lille-Flandres
88%
4 Nord Dunkerque
87%
4B Nord Valenciennes
86%
1 Somme TGV Haute-Picardie
82%
2 Somme TGV Haute-Picardie
82%
3 Somme TGV Haute-Picardie
82%
5 Pas-de-Calais Calais-Fréthun
80%
6 Pas-de-Calais Calais-Fréthun
80%
7 Hollande méridionale Rotterdam-Centraal
80%
7 Province d'Anvers Anvers / Antwerpen-Centraal
78%
8 Province de Liège Liège-Guillemins
77%
5 Pas-de-Calais Boulogne-sur-Mer
77%
4 Pas-de-Calais Lens
75%
8 Rhénanie du Nord-Westphalie Köln Hbf
73%
3 Nord Tourcoing-Roubaix-Croix Vasquehal
72%
4B Nord Douai
71%
6 Angleterre (Londres) St Pancras International
68%
5 Pas-de-Calais Etaples-Le Touquet
65%
8 Rhénanie du Nord-Westphalie Dortmund Hbf
63%
4 Pas-de-Calais Béthune
61%
8 Rhénanie du Nord-Westphalie Aachen Hbf
58%
8 Rhénanie du Nord-Westphalie Düsseldorf
56%
7 Hollande septentrionale Schiphol (Airport)
55%
4 Nord Hazebrouck
54%
8 Rhénanie du Nord-Westphalie Essen Hbf
53%
5 Pas-de-Calais Rang du Fliers-Verton-Berck
43%
8 Rhénanie du Nord-Westphalie Duisburg
35%
8 Rhénanie du Nord-Westphalie Düsseldorf Airport
16%
Aucun quiz correspondant
Distribution des résultats
% des personnes avec chaque résultat
Percentile par nombre de réponses
Votre historique - résultats
Vous n’avez pas pris ce quiz depuis la dernière actualisation